[Event "BUL-ch U20"]
[Site "Pleven"]
[Date "2006.02.27"]
[Round "9.6"]
[White "Ivanov, Cvetelin"]
[Black "Gigov, Mihail"]
[Result "1/2-1/2"]
[WhiteElo "2132"]
[BlackElo "2082"]
[PlyCount "54"]
[EventDate "2006.02.22"]
[EventType "swiss"]
[EventRounds "9"]
[EventCountry "BUL"]
[SourceTitle "CBM 111 Extra"]
[Source "ChessBase"]
[SourceDate "2006.05.09"]
[SourceVersion "1"]
[SourceVersionDate "2006.05.09"]
[SourceQuality "1"]

1. e4 e6 2. d4 d5 3. Nd2 c5 4. exd5 Qxd5 5. Ngf3 cxd4 6. Bc4 Qd6 7. 0-0 Nf6 8. Nb3 Nc6 9. Nbxd4 Nxd4 10. Qxd4 Qxd4 11. Nxd4 a6 12. Bf4 Bd7 13. Be2 Bc5 14. Nb3 Bb6 15. Bf3 0-0-0 16. c4 Bc6 17. Bxc6 bxc6 18. Rfd1 Ne4 19. Be3 Bxe3 20. fxe3 e5 21. Kf1 Rxd1+ 22. Rxd1 Rd8 23. Rxd8+ Kxd8 24. Ke2 c5 25. g4 Kc7 26. h4 Kb6 27. a3 a5 1/2-1/2